书目信息 |
| 题名: |
工程勘察设计市场管理
|
|
| 作者: | 方东祥 著 | |
| 分册: | ||
| 出版信息: | 北京 知识产权出版社 2005.1 |
|
| 页数: | 262页 | |
| 开本: | 21cm | |
| 丛书名: | ||
| 单 册: | ||
| 中图分类: | F426.9 | |
| 科图分类: | ||
| 主题词: | 建筑工程--jian zhu gong cheng--勘察设计--市场管理--体制改革--研究--中国 , 建筑工程--jian zhu gong cheng , 勘察设计--kan cha she ji , 市场管理--shi chang guan li , 体制改革--ti zhi gai ge | |
| 电子资源: | ||
| ISBN: | 7-80198-001-8 | |
| 000 | 01362nam0 2200337 450 | |
| 000 | 01381nam0 2200337 450 | |
| 000 | 01344nam0 2200325 450 | |
| 000 | 01327nam0 2200325 450 | |
| 000 | 01290nam0 2200313 45 | |
| 001 | 012005000794 | |
| 005 | 20050908162555.03 | |
| 010 | @a7-80198-001-8@dCNY25.00 | |
| 100 | @a20050316d2005 emky0chiy0121 ea | |
| 101 | 0 | @achi |
| 102 | @aCN@b110000 | |
| 105 | @af z 000yy | |
| 200 | 1 | @a工程勘察设计市场管理@Agong cheng kan cha she ji shi chang guan li@e中国工程勘察设计市场准人管理制度改革研究@f方东祥著 |
| 210 | @a北京@c知识产权出版社@d2005.1 | |
| 215 | @a262页@c图@d21cm | |
| 320 | @a有书目(第258-262页) | |
| 330 | @a本书主要包括:导论;中国工程勘察设计行业现状与宏观管理体制的历史沿革;中外工程勘察设计市场准入管理制度主要内容;中外勘察设计市场准入管理制度对比分析等内容。 | |
| 517 | 1 | @a中国工程勘察设计市场准人管理制度改革研究@Azhong guo gong cheng kan cha she ji shi chang zhun ren guan li zhi du gai ge yan jiu |
| 606 | 0 | @a建筑工程@Ajian zhu gong cheng@x勘察设计@x市场管理@x体制改革@x研究@y中国 |
| 606 | 0 | @a建筑工程@Ajian zhu gong cheng |
| 606 | 0 | @a勘察设计@Akan cha she ji |
| 606 | 0 | @a市场管理@Ashi chang guan li |
| 606 | 0 | @a体制改革@Ati zhi gai ge |
| 690 | @aF426.9@v4 | |
| 701 | 0 | @a方东祥@Afang dong xiang@4著 |
| 801 | 0 | @aCN@bSRXX@c20050908 |
| 905 | @a10447@dF426.9@eF190 | |
| 工程勘察设计市场管理:中国工程勘察设计市场准人管理制度改革研究/方东祥著.-北京:知识产权出版社,2005.1 |
| 262页:图;21cm |
| ISBN 7-80198-001-8:CNY25.00 |
| 本书主要包括:导论;中国工程勘察设计行业现状与宏观管理体制的历史沿革;中外工程勘察设计市场准入管理制度主要内容;中外勘察设计市场准入管理制度对比分析等内容。 |
| ● |
| 相关链接 |
|
|
|
正题名:工程勘察设计市场管理
索取号:F426.9/F190
 
预约/预借
| 序号 | 登录号 | 条形码 | 馆藏地/架位号 | 状态 | 备注 |
| 1 | 541225 | 205412258 | 社科库409/409社科库 36排7列1层/ [索取号:F426.9/F190] | 在馆 | |
| 2 | 541226 | 205412267 | 社科库409/409社科库 36排7列1层/ [索取号:F426.9/F190] | 在馆 |